[Event "Vlissingen HZ op 23rd"]
[Site "Vlissingen"]
[Date "2019.08.10"]
[Round "9"]
[White "Van der Zalm, Marnix"]
[Black "Nellen, Marcel"]
[Result "1-0"]
[WhiteElo "2062"]
[BlackElo "1854"]
[PlyCount "43"]
[EventDate "2019.08.03"]
[EventType "swiss"]
[EventRounds "9"]
[EventCountry "NED"]
[SourceTitle "CBM 191 Extra"]
[Source "ChessBase"]
[SourceDate "2019.09.30"]
[SourceVersion "1"]
[SourceVersionDate "2019.09.30"]
[SourceQuality "1"]

1. g3 e5 2. Bg2 Nc6 3. d3 Bc5 4. Nf3 d6 5. c3 a5 6. d4 exd4 7. cxd4 Bb4+ 8. Nc3 d5 9. 0-0 Nce7 10. e4 Bxc3 11. bxc3 c6 12. exd5 cxd5 13. Ba3 Ra6 14. Re1 h6 15. Ne5 Be6 16. Rb1 Bc8 17. Qa4+ Kf8 18. Rb5 Qe8 19. Bxd5 Be6 20. Bxe6 Rxe6 21. Rxb7 Rxe5 22. Qxe8+ 1-0

[Event "Vlissingen HZ op 22nd"]
[Site "Vlissingen"]
[Date "2018.08.04"]
[Round "1"]
[White "Rijnaarts, Sjef"]
[Black "Nellen, Marcel"]
[Result "1-0"]
[WhiteElo "2339"]
[BlackElo "1770"]
[PlyCount "77"]
[EventDate "2018.08.04"]
[EventType "swiss"]
[EventRounds "9"]
[EventCountry "NED"]
[SourceTitle "CBM 185 Extra"]
[Source "ChessBase"]
[SourceDate "2018.07.29"]
[SourceVersion "1"]
[SourceVersionDate "2018.07.29"]
[SourceQuality "1"]

1. e4 e6 2. d4 d5 3. Nc3 b6 4. Bd3 Ne7 5. Nge2 Ba6 6. Bxa6 Nxa6 7. 0-0 Ng6 8. exd5 exd5 9. Ng3 Be7 10. Qe2 Nb4 11. Rd1 Qd7 12. a3 Nc6 13. Qf3 Rd8 14. Nf5 Bf6 15. Ne2 0-0 16. g3 Rfe8 17. Be3 Na5 18. b3 Nb7 19. h4 Ne7 20. Nh6+ Kf8 21. Kg2 Ng8 22. Ng4 Nd6 23. Bf4 Ne4 24. c4 c6 25. Rac1 Rc8 26. Ne5 Qe6 27. Re1 g5 28. hxg5 Nxg5 29. Qh5 h6 30. Rc3 Be7 31. Bxg5 hxg5 32. Rf3 Bf6 33. cxd5 cxd5 34. Nc3 Rc7 35. Qh7 Bxe5 36. Rxe5 Qc6 37. Rxg5 Nf6 38. Rxf6 Qxf6 39. Rg8+ 1-0